000 00955nam a22003375i 4500
001 18981014
003 JO-AjAnu
005 20240610101737.0
008 160219s2016 mau 000 0 eng
010 _a 2016933915
020 _a9781305961135
040 _aDLC
_beng
_erda
_cDLC
_dJO-AjAnu
041 _aeng
_heng
042 _apcc
050 _aQP514.2
_b2019
100 1 _aCampbell, Mary K.
245 1 0 _aBiochemistry /
_cMary K. Campbell, Shawn O. Farrell, Owen McDougal.
250 _a9th edition.
263 _a1609
264 1 _aBoston, MA :
_bCengage Learning,
_c2019.
300 _apages cm
336 _atext
_btxt
_2rdacontent
337 _aunmediated
_bn
_2rdamedia
338 _avolume
_bnc
_2rdacarrier
650 0 _aBIOCHEMISTRY
_965439
700 1 _aFarrell, Shawn O
_965440
700 1 _aMcDougal, Owen M
_965441
906 _a0
_bibc
_corignew
_d2
_eepcn
_f20
_gy-gencatlg
942 _2lcc
_cBK
_n0
999 _c33502
_d33502